An introduction to town planning techniques

Bibliographic Details
Main Author: Roberts, Margaret (Author)
Format: Book
Language:English
Published: London : Hutchinson 1974
Series:The built encivonment
Subjects:

MARC

LEADER 00000cam a2200000 7i4500
001 0000002919
005 20240917.0
008 240903 enk a eng
020 |a 0091168910 (pbk) 
040 |a INS   |b eng   |e rda 
090 0 0 |a RHT166   |b .R56 1974 
100 1 |a Roberts, Margaret ,   |e author 
245 1 3 |a An introduction to town planning techniques   |c Margaret Roberts 
264 1 |a London :   |b Hutchinson   |c 1974 
300 |a vii, 413 pages :   |b illustrations ;   |c 22 cm. 
336 |a text  |2 rdacontent 
337 |a unmediated  |2 rdamedia 
338 |a volume  |2 rdacarrier 
490 0 |a The built encivonment 
504 |a Includes bibliographical references and index 
650 0 |a City planning 
999 |a 0000000856   |b BOOK   |c Reference   |e Default branch